000 00606nam a2200205 u 4500
005 20240228063904.0
008 071005s2005 es r 000 0 spa d
020 _a8493432598
035 _aUPN01000152620
049 _aI
050 4 _aPZ71
_bB5.3
100 1 _aBlanco Laserna, Luis
_931190
245 1 0 _aArquímedes el despistado/
_cLuis Blanco Laserna.
260 _aMadrid :
_bEl rompecabezas,
_c2005.
300 _a121 p. :
_bil.
440 0 _aSabelotod@s : con actividades ;
_v4
600 0 4 _aARQUIMEDES,
_d287-212 A.C.
_92366
650 4 _aLibros y lectura para niños
_92290
905 _aInfantil
999 _c124743
_d124743